000 00928cam a2200265 a 4500
001 44976
003 BD-RjUL
005 20211209053938.0
008 160721r19681963nyu b 001 0 eng
020 _a0060164301 :
035 _a(BD-RjUL)45094
040 _aDLC
_cDLC
_dDLC
_d(BD-RjUL)
_beng
041 _aeng
082 0 0 _a100
_220
_bMAS 1968
245 0 0 _aMasterpieces of world philosophy :
_bIn summary form /
_cedited by Frank N. Magill ; selection by John K. Roth ; with an introduction by John K. Roth.
260 _aNew York, NY :
_bHarperCollins Publishers,
_cc1963. [Impression 1968]
300 _axi, 1170 p. ;
_c25 cm.
504 _aIncludes bibliographical references and indexes.
650 0 _aPhilosophy.
_93303
650 0 _aPhilosophy
_xBibliography.
_93304
700 1 _aMagill, Frank N.
_q(Frank Northen),
_d1907-1997.
_93305
700 1 _aRoth, John K.
_93306
942 _2ddc
_cBK
999 _c44976
_d44976